| 000 | 00653nam a2200193 i 4500 | ||
|---|---|---|---|
| 001 | bgj | ||
| 100 | 1 | _aGROTE, Christian. | |
| 245 | 1 | 0 |
_aWortarten, Wortstellung und Satz im lyrischen Werk Georg Heyms : _bInaugural-Dissertation zur Erlangung des Doktorgrades der philosophischen Fakulität der Ludwig-Maximilians-Universität zu München / _cVorgelegt von Christian Grote. |
| 260 |
_aMünchen, _c1962. |
||
| 300 |
_a360 s. ; _c21 cm. |
||
| 504 | _aBibliogr. s. 355-360. | ||
| 650 | 9 | _aLiteratura niemiecka | |
| 040 | _cBPK | ||
| 041 | 0 | _ager | |
| 044 | _aDEU | ||
| 080 | _a821.112.2 | ||
| 942 | _cKS | ||
| 008 | s gw f |000 0 ger | ||
| 999 |
_c50447 _d50447 |
||
| 856 |
_uhttp://koha.tu.koszalin.pl/cgi-bin/koha/opac-detail.pl?biblionumber=50447 _yKatalog online BPK |
||